000
00304nam a22001337a 4500
008
181217b xxu||||| |||| 00| 0 eng d
020
_a
9780205294534
041
_a
eng
080
_2
4 TH
_a
159.9
100
_a
49
101
_a
PSY
245
_a
Physiological Physiology
_c
Carlson.N.R
942
_2
udc
_c
BK
999
_c
53256
_d
53256